|
|
|
|
| LEADER |
00000nam a2200000 a 4500 |
| 001 |
UCM8839 |
| 003 |
CL-VaPUC |
| 008 |
030328e20020000GW |||||||||||||||||spa|d |
| 082 |
0 |
4 |
|a 709.04
|b DRO
|2 21
|
| 100 |
0 |
|
|a Droste, Magdalena
|e author
|9 475079
|
| 245 |
1 |
0 |
|a Bauhaus: 1919-1933
|
| 300 |
|
|
|a 256 p
|
| 942 |
|
|
|c BK
|
| 945 |
|
|
|d 20030328 00:00:00
|a cmena
|
| 260 |
|
|
|a Colonia
|b Taschen
|c 2002
|
| 650 |
|
0 |
|a Arte contemporáneo
|9 338008
|
| 650 |
|
0 |
|a Arte moderno
|9 265333
|
| 650 |
|
0 |
|a Estilos artísticos
|9 340996
|
| 650 |
|
0 |
|a Arquitectura moderna
|9 265021
|
| 583 |
|
|
|a last modification
|c 20030328 00:00:00
|k Rodrigo Vera
|
| 999 |
|
|
|c 303260
|d 303258
|